The Five Pillars of Islam - Statistics

General Stats
  • This quiz has been taken 498 times
  • The average score is 4 of 5
Answer Stats
Pillar % Correct
Pilgrimage
90%
Prayer
90%
Charity
85%
Fasting
82%
Faith
74%
No matching quizzes found
Score Distribution
Percent of People with Each Score
Percentile by Number Answered
Your Score History
You have not taken this quiz